Άνθρωπος και φύση στην Αναγέννηση
Αποθηκεύτηκε σε:
| Κύριος συγγραφέας: | |
|---|---|
| Μορφή: | Βιβλίο |
| Γλώσσα: | Greek English |
| Δημοσίευση: |
Ηράκλειο :
Πανεπιστημιακές Εκδόσεις Κρήτης,
c1993, 2012.
|
| Σειρά: | Ιστορία και φιλοσοφία της επιστήμης
Ιστορία της επιστήμης (Πανεπιστημιακές Εκδόσεις Κρήτης) |
| Θέματα: | |
| Ετικέτες: |
Προσθήκη ετικέτας
Δεν υπάρχουν, Καταχωρήστε ετικέτα πρώτοι!
|
MARC
| LEADER | 00000cam a2200000 i 4500 | ||
|---|---|---|---|
| 001 | 1/86807 | ||
| 008 | 980326r20121993gr ||||| ||||||| ||gre|| | ||
| 020 | |a 9605240025 | ||
| 020 | |a 9789605240025 | ||
| 035 | |a 1998 |b 1 |c ΚΠΣ/Δημοτικής Εκπαίδευσης |l 10035072 | ||
| 040 | |a GR-MyUa |b gre |e AACR2 | ||
| 041 | 1 | |a gre |h eng | |
| 082 | 7 | |a 509 |2 (23) | |
| 082 | 7 | |a 509.024 |2 (23) | |
| 100 | 1 | |a Debus, Allen G. | |
| 245 | 1 | 0 | |a Άνθρωπος και φύση στην Αναγέννηση / |c Allen G. Debus ; απόδοση στα ελληνικά: Τάσος Τσιαντούλας ; επιστημονική επιμέλεια: Κώστας Γαβρόγλου. |
| 260 | |a Ηράκλειο : |b Πανεπιστημιακές Εκδόσεις Κρήτης, |c c1993, 2012. | ||
| 300 | |a xi, 241 σ. : |b εικ. ; |c 23 εκ. | ||
| 490 | 1 | |a (Ιστορία και φιλοσοφία της επιστήμης) | |
| 490 | 1 | |a (Ιστορία της επιστήμης / Πανεπιστημιακές Εκδόσεις Κρήτης) | |
| 500 | |a Τίτλος πρωτοτύπου: Man and nature in the Renaissance. | ||
| 500 | |a Τα παραρτήματα Ρόδου και Σάμου έχουν την 1η ανατύπωση του 1997. Το Παράρτημα Σύρου και Λέσβου έχει την ανατύπωση του 2012. | ||
| 504 | |a Βιβλιογραφία: σ. [217]-231. Ευρετήριο. | ||
| 650 | 0 | |a Science, Renaissance. | |
| 650 | 0 | |a Science |x Philosophy. | |
| 650 | 0 | |a Human beings. | |
| 830 | 0 | |a Ιστορία και φιλοσοφία της επιστήμης | |
| 830 | 0 | |a Ιστορία της επιστήμης (Πανεπιστημιακές Εκδόσεις Κρήτης) | |
| 852 | |a INST |b LESVOS |c EUDOXUS |e 20170616 |h 509 DEB |p 005100059640 |q 005100059640 |t EDX |y 0 | ||
| 852 | |a INST |b RHODES |e 19980326 |h 509.024 DEB |p 005400010889 |q 005400010889 |t BK |y 0 | ||
| 852 | |a INST |b SAMOS |e 20080523 |h 509.024 DEB |p 005300030361 |q 005300030361 |t BK |y 0 | ||
| 852 | |a INST |b SYROS |c EUDOXUS |e 20160523 |h 509.024 DEB |p 005500011607 |q 005500011607 |t EDX |y 0 | ||
| 901 | |a BIBL3-2008-2 | ||
| 901 | |a BIBL-1998-1 | ||
| 920 | |a Εύδοξος |b Παραγγελία |y Σύρος-ΤΜΣΠΣ |z 2016-05 | ||
| 920 | |a Εύδοξος |b Παραγγελία |y Λέσβος-ΤΠ |z 2017-05 | ||
| 922 | |a 3ΕΛΗ |b 200802 |c ΕΠΕΑΕΚ2/Τμήμα Μαθηματικών |d Πατάκης | ||
| 970 | |z 26/03/1998 | ||